Perspektivnyje metody issledovanija chrupkovo razrušenija metallov /
Salvato in:
| Autori principali: | , , |
|---|---|
| Natura: | Libro |
| Lingua: | russo |
| Pubblicazione: |
Novosibirsk :
Nauka,
1977
|
| Soggetti: | |
| Tags: |
Nessun Tag, puoi essere il primo ad aggiungerne!!
|
MARC
| LEADER | 00000nam a22000003a 4500 | ||
|---|---|---|---|
| 001 | stu36637 | ||
| 005 | 20150617225727.3 | ||
| 008 | 920616s1977----xxr-----------------rus-d | ||
| 040 | |a STU |b slo | ||
| 041 | 0 | |a rus | |
| 044 | |a xxr | ||
| 080 | |a 620.18/.19 | ||
| 100 | 1 | |a Guljajev, V.P |4 aut | |
| 245 | 1 | |a Perspektivnyje metody issledovanija chrupkovo razrušenija metallov / |c [aut.]V.P. Guljajev, P.F. Košelev, A.V. Lygajev | |
| 260 | |a Novosibirsk : |b Nauka, |c 1977 | ||
| 300 | |a 124 s | ||
| 650 | 7 | |a materiály |2 stusub | |
| 650 | 7 | |a štruktúry |2 stusub | |
| 650 | 7 | |a chyby |2 stusub | |
| 650 | 7 | |a skúšanie |2 stusub | |
| 700 | 1 | |a Košelev, P.F |4 aut | |
| 700 | 1 | |a Lygajev, A.V |4 aut | |
| 996 | |b 284M061797 |c M*2158-1 |l MMKN |s A |a 24 |w stu36637_0001 | ||